Alta Amazonia : (Registro nro. 17366)

Detalles MARC
000 -CABECERA
Campo de control 00760aasaa2200205 a 4500
005 - FECHA Y HORA DE LA ULTIMA TRANSACCION
Campo de control 20170202155439.0
008 - ELEMENTOS DE LONGITUD FIJA—INFORMACION GENERAL
Campo de control 170202s1993 ck uu|p|r|||| 00| spa d
040 ## - FUENTE DE CATALOGACIÓN
Agencia catalogadora original CO-BoIAVH
Agencia transcriptora CO-BoIAVH
041 0# - IDIOMA
Código de idioma para texto/pista de sonido o título separado Español
044 ## - PAÍS DE PUBLICACIÓN
País de publicación Colombia
090 ## - CLASIFICACIÓN LOCAL
Colección SE
245 10 - MENCION DE TITULO
Título Alta Amazonia :
Parte restante del título ciencia, tecnología y cultura
260 ## - PUBLICACION, DISTRIBUCION, ETC. (PIE DE IMPRENTA)
Lugar de publicación, distribución, etc. Mocoa (Putumayo, Colombia) :
Nombre del editor, distribuidor, etc. Corporación Autónoma Regional del Putumayo,
Fecha de publicación, distribución, etc. 1993-.
300 ## - DESCRIPCION FISICA
Otros detalles físicos ilustraciones ;
Dimensiones 27 x 21 cm.
310 ## - FRECUENCIA ACTUAL DE LA PUBLICACIÓN
Frecuencia actual de la publicación Semestral
650 26 - ASIENTO SECUNDARIO DE MATERIA - TERMINO TEMATICO
Término temático o nombre geográfico como elemento de entrada Conservación de la naturaleza
Subdivisión geográfica Cuenca alta (Río Amazonas)
Subdivisión de forma Publicaciones periódicas
9 (RLIN) 78643
650 24 - ASIENTO SECUNDARIO DE MATERIA - TERMINO TEMATICO
Término temático o nombre geográfico como elemento de entrada Ecosistemas
Subdivisión geográfica Cuenca alta (Río Amazonas)
Subdivisión de forma Publicaciones periódicas
9 (RLIN) 78644
710 2# - ASIENTO SECUNDARIO - NOMBRE CORPORATIVO
Nombre corporativo o de jurisdicción como elemento de entrada Corporación Autónoma Regional del Putumayo
9 (RLIN) 7085
942 ## - ELEMENTOS ADICIONALES (KOHA)
Tipo de ítem Periodica o revista
Sistema de clasificación Local
Serial record 1
Existencias
Withdrawn status Lost status Sistema de Clasificación Damaged status No para préstamo Colección Fecha publicación (Año) Volumen revista Número revista Inventariado Ubicación Permanente Ubicación actual Fecha de adquisición Datos de publicación Seriada Total Checkouts Número topográfico Inventario / Código de Barras Date last seen Ejemplar Price effective from Forma de adquisición Tipo de material
    Local     Hemeroteca 1994 2 2 Inventariado 2017 Bogotá Bogotá 02/02/2017 Vol 2, No 2   SE 022415 02/02/2017 Ej. 1 02/02/2017 Donación Periodica o revista
    Local     Hemeroteca 1993 1 1 Inventariado 2017 Bogotá Bogotá 02/02/2017 Vol 1, No 1   SE 022414 02/02/2017 Ej. 1 02/02/2017 Donación Periodica o revista